| 000 | 01511nam0a22003371 4500 | ||
|---|---|---|---|
| 001 | rc\4720680 | ||
| 005 | 20230605215548.0 | ||
| 035 | _a(NLR Aleph) 008729124 | ||
| 090 |
_a9466095 _c9466095 |
||
| 100 | _a20130416d1935 |||y0rusy50 ca | ||
| 101 | 0 | _arus | |
| 102 | _aRU | ||
| 105 | _ae z ||||| | ||
| 200 | 1 |
_aКерамические расчеты _fПер. Е.Я. Какузе _gПод ред. и с добавлением табл. для керамич. расчетов В.П. Зубчанинова |
|
| 205 | _a2-е изд. | ||
| 210 |
_aЛенинград _cОНТИ. Химтеорет _d1935 _gКартотип. Гидр. отд. УМС РККА |
||
| 215 |
_aПереплет, 260 с. _d(20х14) |
||
| 300 | _aДоб. тит. л.: "Dr. W. Pukall. Keramisches rechnen auf chemischer grundlage an beispielen erläutert. 4, verbesserte und vermehrte auflage. Ferdinand Hirt in Breslau 1927". - [36 Λ1762] | ||
| 300 | _aПеред загл.: В. Пукалл | ||
| 513 | 0 | _aKeramisches rechnen auf chemischer grundlage an beispielen erläutert | |
| 606 |
_aКерамическое сырье _xАнализ и исследование _2psbo |
||
| 606 |
_aКерамическое производство _xРасчеты _2psbo |
||
| 700 | 1 |
_aПукал _bВ. |
|
| 702 | 1 |
_aКакузе _bЕ. Я. _4730 |
|
| 702 | 1 |
_aЗубчанинов _bВ. П. _4340 |
|
| 801 | 0 |
_aRU _bNLR _gpsbo |
|
| 801 | 1 |
_aRU _bELAR _2rusmarc |
|
| 852 |
_aNLR _j35-3/1256 |
||
| 942 | _cBOOK | ||
| 980 | _aNB | ||